| 000 | 00718nam a2200217 a 4500 | ||
|---|---|---|---|
| 999 |
_c3538 _d3538 |
||
| 001 | 3538 | ||
| 003 | BD-JhCC | ||
| 005 | 20171119092501.0 | ||
| 008 | 171114s1965 p |||| ||a| 000 0 ben d | ||
| 035 | _a(BD-JhCC)3538 | ||
| 040 |
_aBD-JhCC _dBD-JhCC |
||
| 041 | _aben | ||
| 082 |
_a891.443 _bCHO 1965 |
||
| 100 | _aচট্টোপাধ্যায়, শরৎচন্দ্র | ||
| 245 |
_aহরিলক্ষী / _cশরৎচন্দ্র চট্টোপাধ্যায়, |
||
| 260 |
_aলাহোর : _bইউনিভার্সেল পাবলিকেশন্স লিঃ, _c1965 |
||
| 300 |
_a62 p. : _c18 cm. |
||
| 650 | _aBengali Novel | ||
| 942 |
_2ddc _cBK |
||